MLB Team Home Run Leaders - Extreme - Statistics

General Stats
  • This quiz has been taken 489 times
    184 since last reset
  • The average score is 59 of 90
Answer Stats
Team HR Years Player % Correct
Yankees 659 1920–1934 Babe Ruth
99%
Braves 733 1954–1974 Hank Aaron
97%
Giants 586 1993–2007 Barry Bonds
95%
Yankees 536 1951–1968 Mickey Mantle
92%
Angels 404 2011– Mike Trout
91%
Cardinals 469 2001–2011, 2022 Albert Pujols
90%
Red Sox 483 2003–2016 David Ortiz
90%
Mariners 417 1989–1999, 2009–2010 Ken Griffey Jr.
90%
Red Sox 521 1939–1942, 1946–1960 Ted Williams
90%
Cubs 392 1959–1973 Billy Williams
89%
Cubs 545 1992–2004 Sammy Sosa
89%
Giants 646 1951–1952, 1954–1972 Willie Mays
89%
Orioles 431 1981–2001 Cal Ripken
88%
Braves 468 1993, 1995–2012 Chipper Jones
88%
Tigers 373 2008–2023 Miguel Cabrera
88%
Yankees 493 1923–1939 Lou Gehrig
87%
Athletics 363 1986–1997 Mark McGwire
86%
Pirates 248 2009–2017, 2023– Andrew McCutchen
84%
White Sox 448 1990–2005 Frank Thomas
84%
Twins/Senators 559 1954–1974 Harmon Killebrew
84%
Phillies 548 1972–1989 Mike Schmidt
84%
Royals 317 1973–1993 George Brett
80%
Guardians/Indians 337 1991–2002, 2011 Jim Thome
80%
Phillies 382 2004–2016 Ryan Howard
80%
Cardinals 475 1941–1944, 1946–1963 Stan Musial
80%
Rangers/Senators 246 1965–1972 Frank Howard
79%
Reds 324 1956–1965 Frank Robinson
79%
Astros 449 1991–2005 Jeff Bagwell
79%
Guardians/Indians 285 2013– José Ramírez
79%
Marlins 148 2006–2011 Hanley Ramírez
78%
Red Sox 452 1961–1983 Carl Yastrzemski
77%
Mariners 309 1987–2004 Edgar Martinez
77%
Cubs 512 1953–1971 Ernie Banks
77%
Marlins 267 2010–2017 Giancarlo Stanton
76%
Padres 161 2006–2010 Adrián González
75%
Astros 291 1988–2007 Craig Biggio
75%
Reds 389 1967–1983 Johnny Bench
75%
Rangers/Senators 372 1989–1999 Juan Gonzalez
75%
Rockies 258 1995–2004 Larry Walker
75%
Diamondbacks 224 1999–2006 Luis Gonzalez
75%
Pirates 475 1962–1982 Willie Stargell
74%
Reds 356 2007–2023 Joey Votto
73%
Padres 194 2019– Manny Machado
73%
Mets 264 2019– Pete Alonso
73%
Brewers 251 1974–1993 Robin Yount
73%
Brewers 352 2007–2020 Ryan Braun
73%
Mets 252 1983–1990 Darryl Strawberry
71%
Rockies 369 1997–2013 Todd Helton
71%
Nationals/Expos 234 1996–2003 Vladimir Guerrero
70%
Rays 261 2008–2017 Evan Longoria
69%
Blue Jays 288 2008–2018 José Bautista
69%
Royals 303 2011–2018, 2020– Salvador Perez
69%
Tigers 399 1953–1974 Al Kaline
67%
Brewers 230 2005–2010 Prince Fielder
66%
Athletics 269 1967–1975, 1987 Reggie Jackson
66%
Mets 242 2004–2016, 2018 David Wright
65%
Dodgers 389 1947–1962 Duke Snider
65%
Athletics 302 1925–1935 Jimmie Foxx
64%
Nationals/Expos 284 2005–2019, 2021 Ryan Zimmerman
63%
White Sox 432 1999–2014 Paul Konerko
62%
Braves 493 1952–1966 Eddie Mathews
60%
Orioles 343 1977–1988 Eddie Murray
60%
Guardians/Indians 242 1989–1996 Albert Belle
58%
Astros 326 1999–2010 Lance Berkman
58%
Giants 511 1926–1947 Mel Ott
58%
Angels 299 1992–2004, 2006 Tim Salmon
58%
Blue Jays 239 2009–2016 Edwin Encarnación
57%
Diamondbacks 209 2011–2018 Paul Goldschmidt
57%
White Sox 243 2014–2022 José Abreu
55%
Blue Jays 336 1993–2004 Carlos Delgado
52%
Rangers/Senators 321 1989–1993, 1999–2003 Rafael Palmeiro
52%
Mariners 307 1988–2001 Jay Buhner
49%
Pirates 301 1946–1953 Ralph Kiner
49%
Nationals/Expos 225 1976–1986 Andre Dawson
47%
Angels 272 1994–2008 Garret Anderson
47%
Diamondbacks 168 2017– Ketel Marte
43%
Orioles 303 1961–1974 Boog Powell
36%
Twins/Senators 293 1981–1994 Kent Hrbek
35%
Dodgers 361 1943, 1946–1961 Gil Hodges
34%
Rays 157 2018– Brandon Lowe
32%
Rays 163 2007–2010, 2012 Carlos Pena
32%
Tigers 373 1960–1974 Norm Cash
25%
Rockies 239 1993–1999, 2004, 2006 Vinny Castilla
25%
Dodgers 270 1991–2002 Eric Karros
21%
Marlins 154 2006–2010 Dan Uggla
20%
Royals 197 1995–2007 Mike Sweeney
16%
Padres 163 1969–1975 Nate Colbert
15%
Cardinals 255 1955–1965 Ken Boyer
12%
Twins/Senators 256 1958–1970 Bob Allison
9%
Phillies 259 1946–1956 Del Ennis
7%
No matching quizzes found
Score Distribution
Percent of People with Each Score
Percentile by Number Answered
Your Score History
You have not taken this quiz since the last reset